| 000 | 00559nam a22001577a 4500 | ||
|---|---|---|---|
| 999 |
_c534503 _d534503 |
||
| 020 | _qHard Cover. | ||
| 082 | _a620.44 | ||
| 100 | _aJunaid ur Rehman | ||
| 245 |
_aPhotocatalytic Degradation of Methylene Blue by Tin and Indium doped Sol-Gel Reflux Synthesized Titania / _cJunaid ur Rehman. |
||
| 260 |
_aIslamabad: _bSCME - NUST, _c2017. |
||
| 300 |
_a49 p. : _bill ; _c30cm. |
||
| 942 |
_2ddc _cTHE |
||
| 650 |
_aMaterial and Surface Engineering MS-Thesis. _916443 |
||
| 700 |
_aDr. Sofia Javed _916177 |
||